000 00460nam a2200181Ia 4500
008 240925s9999 xx 000 0 und d
020 _aNA
082 _a005.7565 BOR
100 _aBorland - -
245 0 _ausing dbase IV version2.0
250 _aNA
260 _aBerlan
_bBerland International
_c,1993.
300 _a482p.
_bNA
_fNA
500 _aNA
600 _aComputer Science
650 _aComputer science, information & general works
942 _cBK
999 _c4823
_d4823